00297 a2200121 4500001000700000020001800007040001100025100002000036240004200056245003700098362000900135440003100144195306 a85-04-00712-X cMagnum aMurray, Roseana10aLuna, Merlin e outros habitanteslpor10aLuna, Merlin e outros habitantes0 a2004 1aCompanhia Editora Nacional